000 00450nmm a2200169Ia 4500
008 251105s9999||||xx |||||||||||||||||und||
020 _a9788446044994
041 _aspa
100 _aWillis, Paul
245 0 _aAprendiendo a trabajar
264 _a[Madrid, España] :
_bAkal,
_c2017
300 _a304 páginas
490 _aPensamiento crítico
650 _aSociology
856 _uhttps://public.digitaliapublishing.com/a/55150
942 _cCF
999 _c83108
_d83108